| 000 | 00378 a2200157 4500 | ||
|---|---|---|---|
| 001 | 71140 | ||
| 020 | _a8526217208 | ||
| 040 | _cAnchieta - Colégio São Paulo | ||
| 100 | _aAlbergaria, Lino de | ||
| 240 | 1 | 0 |
_aCoração conta diferente _lpor |
| 245 | 1 | 0 | _aCoração conta diferente |
| 300 | _a[23p.] | ||
| 362 | 0 | _a1999 | |
| 650 | 4 | _aLiteratura infanto-juvenil | |
| 942 | _cBK | ||
| 999 |
_c71140 _d71140 |
||